000 00221nam a22000857a 4500
999 _c11260
_d11260
008 181207b ||||| |||| 00| 0 eng d
100 _aCampfire
_97008
245 _aHuckleberry Finn(Hindi)
260 _aNew Delhi
_bCampfire
_c2016